Statistics for Minnesota Timberwolves: All-Star Selections

Click here to take the quiz!

General Stats

  • This quiz has been taken 37 times
  • The average score is 5 of 7

Answer Stats

Amount of Selections Player % Correct
10Kevin Garnett
100%
2Karl-Anthony Towns
97%
1Jimmy Butler
79%
3Kevin Love
76%
1Sam Cassell
53%
1Wally Szczerbiak
24%
1Tom Gugliotta
21%

Score Distribution

Percentile by Number Answered

Percent of People with Each Score

Your Score History

You have not taken this quiz